000 00513cam a2200169 4500500
005 20260405002612.0
041 _afre
042 _adc
100 1 0 _aGuillot, Apolline
_eauthor
245 0 0 _aLe Miracle Spinoza
260 _c2017.
500 _a54
690 _aFrédéric Lenoir
690 _aSpinoza
786 0 _nPhilosophie magazine | 115 | 12-1 | 2017-12-01 | p. 46-46 | 1951-1787
856 4 1 _uhttps://shs.cairn.info/magazine-philosophie-magazine-2017-12-1-page-46?lang=fr&redirect-ssocas=7080
999 _c2059206
_d2059206